| 000 | 00777nam a2200265Ia 4500 | ||
|---|---|---|---|
| 003 | OSt | ||
| 005 | 20220918165039.0 | ||
| 006 | a|||||r|||| 00| 0 | ||
| 007 | ta | ||
| 008 | 220917b |||||||| |||| 00| 0 eng d | ||
| 020 | _a0860785270 (hbk) | ||
| 024 | _a37,192 | ||
| 037 | _cTextual | ||
| 040 |
_aARTS _cARTS _beng |
||
| 041 |
_2eng _aeng |
||
| 082 | _aV10r5.M, N82 (FAL/RR) | ||
| 100 |
_aBurkholder Mark A ed _922342 |
||
| 245 | 0 | _aAdministrators of empire | |
| 260 |
_aAldershot _bAshgate _c1998 |
||
| 300 |
_axxvii,378p. _ccm. |
||
| 490 | _aExpanding world : Tje european impact on world history 1450-1800; 22 | ||
| 650 | _aHISTORY | ||
| 942 |
_hV10r5.M, N82 (FAL/RR) _cTEXL _2CC |
||
| 999 |
_c127993 _d127993 |
||